Netherlands Monarchs Quiz - Statistics

General Stats
  • This quiz has been taken 81 times
  • The average score is 9 of 14
Answer Stats
# Name % Correct
? William Frederick
98%
? William Alex.
96%
? William Louis
96%
? William
94%
? Wilhelmina
69%
? Beatrix
67%
? Louis
63%
? Fred. Henry
56%
? Juliana
52%
? Henry Casemir
50%
? John
46%
? John Will. Friso
44%
? Maurice
27%
? Ernest Casemir
23%
No matching quizzes found
Score Distribution
Percent of People with Each Score
Percentile by Number Answered
Your Score History
You have not taken this quiz